[Event "Sitges Sunway op 10th"]
[Site "Sitges"]
[Date "2023.12.19"]
[Round "7"]
[White "Kavutskiy, Konstantin"]
[Black "Kelires, Andreas"]
[Result "0-1"]
[WhiteElo "2384"]
[BlackElo "2505"]
[PlyCount "66"]
[EventDate "2023.12.12"]
[EventType "swiss"]
[EventRounds "10"]
[EventCountry "ESP"]
[SourceTitle "CB52_2023"]
[SourceDate "2023.12.27"]
[SourceVersion "1"]
[SourceVersionDate "2023.12.27"]
[SourceQuality "1"]

1. e4 c5 2. Nf3 d6 3. d4 cxd4 4. Nxd4 Nf6 5. Nc3 a6 6. a3 Nc6 7. Bc4 Bd7 8. Ba2 e6 9. Be3 Be7 10. f4 0-0 11. Qf3 Qc7 12. 0-0 Kh8 13. Rad1 b5 14. Nxc6 Bxc6 15. Bd4 a5 16. g4 Qb7 17. Rfe1 b4 18. g5 Ne8 19. Nd5 Bd8 20. c4 exd5 21. exd5 Bd7 22. Qe3 Rb8 23. Bb1 Bb6 24. Qe7 Bxd4+ 25. Rxd4 Kg8 26. Bxh7+ Kxh7 27. Qxf8 Qa7 28. Red1 Bg4 29. R1d3 Bf5 30. Rd2 bxa3 31. bxa3 Rb2 32. Rxb2 Qxd4+ 33. Rf2 Bh3 0-1

[Event "GRE-chT 50th"]
[Site "Nikaia"]
[Date "2023.08.29"]
[Round "6.2"]
[White "Bizopoulos, Alexandros"]
[Black "Kelires, Andreas"]
[Result "0-1"]
[WhiteElo "2055"]
[BlackElo "2522"]
[PlyCount "86"]
[EventDate "2023.08.25"]
[EventType "team"]
[EventRounds "9"]
[EventCountry "GRE"]
[SourceTitle "EXT 2024"]
[Source "ChessBase"]
[SourceDate "2023.10.10"]
[SourceVersion "1"]
[SourceVersionDate "2023.10.10"]
[SourceQuality "1"]
[WhiteTeam "Kalamarias"]
[BlackTeam "Irakleiou"]
[WhiteTeamCountry "GRE"]
[BlackTeamCountry "GRE"]

1. Nf3 d5 2. g3 Nd7 3. c4 dxc4 4. Na3 e6 5. Nxc4 b5 6. Ne3 Bb7 7. Bg2 a6 8. 0-0 Ngf6 9. a4 c5 10. d3 Be7 11. Bd2 0-0 12. Qb1 Qb6 13. b4 Rfb8 14. bxc5 Bxc5 15. Qb2 h6 16. axb5 axb5 17. d4 Bf8 18. Bb4 Be4 19. Bxf8 Rxf8 20. Qb4 Qb7 21. Nh4 Rxa1 22. Rxa1 Rc8 23. d5 Bxd5 24. Nxd5 Nxd5 25. Qd6 N7f6 26. Ng6 fxg6 27. Qxe6+ Kh7 28. Rd1 Rd8 29. Rd3 b4 30. Qe5 Qc6 31. Qd4 Rd7 32. Rd1 Qb5 33. Bh3 Re7 34. e3 Nc3 35. Bf1 Qb7 36. Ra1 Rd7 37. Qc4 Rc7 38. Qd4 b3 39. Bd3 b2 40. Re1 b1Q 41. Bxb1 Nxb1 42. e4 Nc3 43. f3 Qb2 0-1

[Event "GRE-chT 50th"]
[Site "Nikaia"]
[Date "2023.08.27"]
[Round "4.2"]
[White "Kelires, Andreas"]
[Black "Triantos, Konstantinos"]
[Result "1-0"]
[WhiteElo "2522"]
[BlackElo "2176"]
[PlyCount "65"]
[EventDate "2023.08.25"]
[EventType "team"]
[EventRounds "9"]
[EventCountry "GRE"]
[SourceTitle "EXT 2024"]
[Source "ChessBase"]
[SourceDate "2023.10.10"]
[SourceVersion "1"]
[SourceVersionDate "2023.10.10"]
[SourceQuality "1"]
[WhiteTeam "Irakleiou"]
[BlackTeam "Patron"]
[WhiteTeamCountry "GRE"]
[BlackTeamCountry "GRE"]

1. Nf3 Nf6 2. c4 e6 3. g3 d5 4. Bg2 Be7 5. 0-0 0-0 6. d4 c6 7. Nc3 b6 8. b3 Ba6 9. Nd2 b5 10. c5 b4 11. Na4 Nbd7 12. a3 bxa3 13. Bxa3 e5 14. dxe5 Nxe5 15. Bb2 Qc7 16. Bd4 Nfd7 17. Re1 Bf6 18. Nc3 Bb7 19. Qc2 Rfe8 20. e4 Ng4 21. Bxf6 Ngxf6 22. exd5 cxd5 23. b4 a6 24. Nb3 Ne5 25. Na5 Nc6 26. Nxb7 Rxe1+ 27. Rxe1 Qxb7 28. Nxd5 Nxd5 29. Bxd5 Qxb4 30. Rb1 Nd4 31. Qd3 Qc3 32. Qxc3 Ne2+ 33. Kg2 1-0

[Event "Kavala op 32nd"]
[Site "Kavala"]
[Date "2023.08.04"]
[Round "9"]
[White "Kelires, Andreas"]
[Black "Spyropoulos, Nikolaos"]
[Result "1/2-1/2"]
[WhiteElo "2522"]
[BlackElo "2432"]
[PlyCount "125"]
[EventDate "2023.07.28"]
[EventType "swiss"]
[EventRounds "9"]
[EventCountry "GRE"]
[SourceTitle "CBM 215 Extra"]
[Source "ChessBase"]
[SourceDate "2023.09.30"]
[SourceVersion "1"]
[SourceVersionDate "2023.09.30"]
[SourceQuality "1"]

1. d4 e6 2. c4 Nf6 3. Nf3 d5 4. g3 h6 5. Bg2 Bd6 6. 0-0 0-0 7. Qc2 b6 8. Nc3 Bb7 9. b3 a6 10. Bb2 Nbd7 11. Nd2 Re8 12. e4 dxe4 13. Ndxe4 Nxe4 14. Nxe4 Rb8 15. Rad1 Bf8 16. Rfe1 Ba8 17. h4 f5 18. Nc3 Bxg2 19. Kxg2 Qf6 20. a3 Qf7 21. Ne2 Bd6 22. b4 f4 23. Ng1 c6 24. Nf3 b5 25. Qe4 Rbc8 26. Ne5 Bxe5 27. dxe5 Nb6 28. Bd4 Nxc4 29. Qxf4 Qxf4 30. gxf4 Rcd8 31. Bc5 Kf7 32. Kf3 h5 33. Ke4 Nd2+ 34. Ke3 Nc4+ 35. Ke4 g6 36. Bd6 Rd7 37. Kd4 Nxa3 38. Kc5 Rc8 39. Rd3 Nc4 40. Rg3 Rg8 41. Rg5 Ra7 42. f5 exf5 43. e6+ Kf6 44. e7 Kf7 45. e8Q+ Rxe8 46. Rxe8 Kxe8 47. Rxg6 Nxd6 48. Rxd6 a5 49. Rh6 Ra6 50. bxa5 Rxa5 51. Rxh5 Kd7 52. f4 Ra4 53. Rh7+ Ke6 54. Rh6+ Kf7 55. Rxc6 Rxf4 56. Kxb5 Rxh4 57. Kc5 Re4 58. Kd5 Re1 59. Ra6 Kg7 60. Rb6 Re8 61. Ra6 f4 62. Ra4 f3 63. Rg4+ 1/2-1/2

[Event "Kavala op 32nd"]
[Site "Kavala"]
[Date "2023.08.01"]
[Round "6"]
[White "Sammed Jaykumar, Shete"]
[Black "Kelires, Andreas"]
[Result "0-1"]
[WhiteElo "2451"]
[BlackElo "2522"]
[PlyCount "98"]
[EventDate "2023.07.28"]
[EventType "swiss"]
[EventRounds "9"]
[EventCountry "GRE"]
[SourceTitle "CBM 215 Extra"]
[Source "ChessBase"]
[SourceDate "2023.09.30"]
[SourceVersion "1"]
[SourceVersionDate "2023.09.30"]
[SourceQuality "1"]

1. e4 e5 2. Nf3 Nc6 3. d4 exd4 4. Nxd4 Nf6 5. Nxc6 bxc6 6. e5 Qe7 7. Qe2 Nd5 8. h4 a5 9. g3 a4 10. Nd2 Ba6 11. Qe4 Bxf1 12. Kxf1 Qe6 13. Kg2 Bc5 14. c4 Ne7 15. Re1 0-0 16. Nf3 Rfb8 17. Rb1 Rb4 18. b3 axb3 19. axb3 Rb7 20. Ng5 Qf5 21. Be3 Bxe3 22. Qxe3 h6 23. Nf3 Rab8 24. Rb2 Qg4 25. Qd3 c5 26. Nd2 Nc6 27. Re4 Qe6 28. Qe3 Nd4 29. g4 Qc6 30. f3 Qa6 31. Kg3 Qa1 32. Rb1 Qa2 33. Rxd4 cxd4 34. Qxd4 Qa5 35. Ra1 Qb6 36. Qe4 Ra7 37. Rd1 Ra2 38. g5 h5 39. g6 fxg6 40. Qd5+ Kh8 41. Qxd7 Qe3 42. e6 Rf8 43. Qd5 Qe2 44. e7 Qxe7 45. Ne4 Re2 46. Rd3 Qb4 47. Nd2 Qb6 48. Qd4 Qe6 49. Qc5 Rxf3+ 0-1

[Event "Paleochora op 16th"]
[Site "Paleochora"]
[Date "2023.07.22"]
[Round "5"]
[White "Kelires, Andreas"]
[Black "Kouskoutis, Georgios Alexandros"]
[Result "1-0"]
[WhiteElo "2525"]
[BlackElo "2276"]
[PlyCount "101"]
[EventDate "2023.07.19"]
[EventType "swiss"]
[EventRounds "9"]
[EventCountry "GRE"]
[SourceTitle "EXT 2024"]
[Source "ChessBase"]
[SourceDate "2023.10.10"]
[SourceVersion "1"]
[SourceVersionDate "2023.10.10"]
[SourceQuality "1"]

1. d4 d5 2. c4 c6 3. Nf3 Nf6 4. Nc3 e6 5. Bg5 Nbd7 6. cxd5 exd5 7. e3 Be7 8. Qc2 Nh5 9. Bxe7 Qxe7 10. 0-0-0 Nb6 11. Ne5 g6 12. g4 Ng7 13. Be2 Be6 14. Kb1 f6 15. Nd3 0-0-0 16. Na4 Kb8 17. Nac5 Bc8 18. Ka1 Ne6 19. Nxe6 Bxe6 20. Rc1 Rc8 21. Qb3 Nd7 22. Rc3 Ka8 23. Rhc1 Rc7 24. Qa4 Nb6 25. Qd1 f5 26. gxf5 Bxf5 27. Nc5 Nd7 28. Qa4 Rhc8 29. Ra3 b5 30. Qd1 Nxc5 31. Rxc5 Qd6 32. h4 Qh2 33. Rac3 Qxf2 34. Bxb5 Bd7 35. Qc1 Qxh4 36. a3 Qd8 37. e4 Kb8 38. Ba6 dxe4 39. d5 Ka8 40. dxc6 Be6 41. Bb7+ Kb8 42. Rb5 Qd6 43. Ba6+ Ka8 44. Bxc8 Rxc8 45. c7 Bd7 46. Rb4 a6 47. Rxe4 Qd5 48. Rb4 a5 49. Rb6 Be6 50. Rcb3 Ka7 51. Qg1 1-0

[Event "Paphos op 1st"]
[Site "Paphos"]
[Date "2023.04.13"]
[Round "9"]
[White "Mastrovasilis, Athanasios"]
[Black "Kelires, Andreas"]
[Result "1/2-1/2"]
[WhiteElo "2497"]
[BlackElo "2516"]
[PlyCount "50"]
[EventDate "2023.04.07"]
[EventType "swiss"]
[EventRounds "9"]
[EventCountry "CYP"]
[SourceTitle "CBM 213 Extra"]
[Source "ChessBase"]
[SourceDate "2023.05.31"]
[SourceVersion "1"]
[SourceVersionDate "2023.05.31"]
[SourceQuality "1"]

1. d4 Nf6 2. c4 e6 3. Nc3 Bb4 4. e3 0-0 5. Bd3 d5 6. Nf3 dxc4 7. Bxc4 c5 8. 0-0 Nc6 9. a3 Bxc3 10. bxc3 Qc7 11. a4 b6 12. Bb2 e5 13. h3 Bf5 14. Bb5 e4 15. Bxc6 Qxc6 16. Ne5 Qc7 17. c4 Ne8 18. a5 Nd6 19. axb6 axb6 20. dxc5 bxc5 21. Rxa8 Rxa8 22. Qd5 Ra6 23. Ng4 Bxg4 24. hxg4 Qb7 25. Be5 Qxd5 1/2-1/2

[Event "Paphos op 1st"]
[Site "Paphos"]
[Date "2023.04.11"]
[Round "7"]
[White "Basso, Pier Luigi"]
[Black "Kelires, Andreas"]
[Result "1/2-1/2"]
[WhiteElo "2506"]
[BlackElo "2516"]
[PlyCount "47"]
[EventDate "2023.04.07"]
[EventType "swiss"]
[EventRounds "9"]
[EventCountry "CYP"]
[SourceTitle "CBM 213 Extra"]
[Source "ChessBase"]
[SourceDate "2023.05.31"]
[SourceVersion "1"]
[SourceVersionDate "2023.05.31"]
[SourceQuality "1"]

1. e4 e5 2. Nf3 Nc6 3. Bb5 a6 4. Ba4 Nf6 5. 0-0 Be7 6. Re1 b5 7. Bb3 d6 8. c3 0-0 9. h3 Na5 10. Bc2 c5 11. d4 Nd7 12. Nbd2 exd4 13. cxd4 Nc6 14. d5 Nce5 15. a4 Rb8 16. axb5 axb5 17. Nxe5 Nxe5 18. f4 Ng6 19. Nf3 Bh4 20. Rf1 Bg3 21. f5 Ne5 22. Ng5 h6 23. f6 gxf6 24. Nf3 1/2-1/2

[Event "Paphos op 1st"]
[Site "Paphos"]
[Date "2023.04.07"]
[Round "1"]
[White "Kyparissopoulos, Spyridon"]
[Black "Kelires, Andreas"]
[Result "0-1"]
[WhiteElo "1781"]
[BlackElo "2516"]
[PlyCount "74"]
[EventDate "2023.04.07"]
[EventType "swiss"]
[EventRounds "9"]
[EventCountry "CYP"]
[SourceTitle "CBM 213 Extra"]
[Source "ChessBase"]
[SourceDate "2023.05.31"]
[SourceVersion "1"]
[SourceVersionDate "2023.05.31"]
[SourceQuality "1"]

1. e4 c5 2. Nf3 d6 3. d4 cxd4 4. Nxd4 Nf6 5. Nf3 Ng8 6. Nd4 Nf6 7. Nc3 a6 8. Bg5 Nbd7 9. Bc4 Qa5 10. Qd2 e6 11. 0-0 h6 12. Bxf6 Nxf6 13. Rfe1 Be7 14. Rad1 Qc5 15. Bb3 0-0 16. Nf3 b5 17. Qd4 Bb7 18. a3 Rfd8 19. h3 Rac8 20. Qe3 Qxe3 21. Rxe3 Nd7 22. Nd4 Nb6 23. Nxe6 fxe6 24. Bxe6+ Kf8 25. Bxc8 Rxc8 26. Re2 Nc4 27. Nd5 Bxd5 28. Rxd5 Nxb2 29. Rf5+ Bf6 30. Rf3 Nc4 31. g4 Ke7 32. Rb3 g5 33. Kg2 Rc6 34. h4 Bb2 35. hxg5 hxg5 36. f4 gxf4 37. Kf3 Bc1 0-1

[Event "EU-ch 23rd"]
[Site "Vrnjacka Banja"]
[Date "2023.03.06"]
[Round "4"]
[White "Kelires, Andreas"]
[Black "Danielyan, Vahe"]
[Result "0-1"]
[WhiteElo "2538"]
[BlackElo "2307"]
[PlyCount "52"]
[EventDate "2023.03.03"]
[EventType "swiss"]
[EventRounds "11"]
[EventCountry "SRB"]
[SourceTitle "CBM 213"]
[Source "ChessBase"]
[SourceDate "2023.04.30"]
[SourceVersion "1"]
[SourceVersionDate "2023.04.30"]
[SourceQuality "1"]

1. d4 d5 2. Nf3 Nf6 3. g3 c5 4. Bg2 Nc6 5. 0-0 h6 6. c4 dxc4 7. Na3 cxd4 8. Nxc4 g6 9. Bf4 g5 10. Bd2 Bg7 11. h4 g4 12. Nfe5 Nxe5 13. Nxe5 0-0 14. Qc1 Nh7 15. Nd3 Qb6 16. Bb4 Bf5 17. Bxe7 Rfe8 18. Bc5 Qb5 19. a4 Qd7 20. Qd2 Nf6 21. Ba3 b6 22. Qf4 Rad8 23. Bc6 Qxc6 24. Qxf5 Rxe2 25. Rae1 Rxe1 26. Rxe1 Qxa4 0-1

[Event "GRE-chT 49th"]
[Site "Thessaloniki"]
[Date "2022.08.17"]
[Round "7.6"]
[White "Tsakiris, Haralambos"]
[Black "Kelires, Andreas"]
[Result "0-1"]
[WhiteElo "2197"]
[BlackElo "2528"]
[PlyCount "130"]
[EventDate "2022.08.12"]
[EventType "team-swiss"]
[EventRounds "7"]
[EventCountry "GRE"]
[SourceTitle "CBM 209 Extra"]
[Source "ChessBase"]
[SourceDate "2022.09.30"]
[SourceVersion "1"]
[SourceVersionDate "2022.09.30"]
[SourceQuality "1"]
[WhiteTeam "Pneemathlon"]
[BlackTeam "Erakleioe"]
[WhiteTeamCountry "GRE"]
[BlackTeamCountry "GRE"]

1. d4 Nf6 2. Nf3 d5 3. c4 e6 4. Nc3 Bb4 5. e3 0-0 6. Bd2 Nbd7 7. Bd3 dxc4 8. Bxc4 a6 9. 0-0 b5 10. Bd3 c5 11. a3 Bxc3 12. Bxc3 c4 13. Bc2 Bb7 14. Qb1 Bxf3 15. gxf3 g6 16. e4 Nh5 17. Qc1 a5 18. Qe3 Qe7 19. b4 cxb3 20. Bxb3 Rfc8 21. d5 e5 22. d6 Qf6 23. Kh1 Ra6 24. Bd5 Nf4 25. Bb7 Rxc3 26. Qxc3 Rxd6 27. Bd5 Kg7 28. Rad1 Nb6 29. Bb3 Rd4 30. Rxd4 exd4 31. Qc7 Nc4 32. Bxc4 bxc4 33. Qxc4 Ne6 34. Qd3 h5 35. Re1 Qh4 36. Rf1 Qf4 37. Re1 Qe5 38. a4 Kh7 39. Qb5 Qf4 40. Kg2 Qh4 41. Qd7 Kg7 42. Rd1 Qg5+ 43. Kh1 Qf4 44. Kg2 Qg5+ 45. Kh1 Qc5 46. Kg1 Qc3 47. Kg2 Nf4+ 48. Kg3 Ne2+ 49. Kg2 h4 50. Qg4 Qc2 51. Re1 d3 52. Qxh4 Qd2 53. Rb1 Nf4+ 54. Kg3 Nh5+ 55. Kg2 Nf4+ 56. Kg3 Nh5+ 57. Kg2 Qc2 58. Rb8 Qc1 59. Qd8 Nf4+ 60. Kg3 Ne2+ 61. Kg2 Qg1+ 62. Kh3 Qf1+ 63. Kg4 Qg2+ 64. Kh4 Qxh2+ 65. Kg4 Qh5# 0-1

[Event "GRE-chT 49th"]
[Site "Thessaloniki"]
[Date "2022.08.14"]
[Round "4.3"]
[White "Kelires, Andreas"]
[Black "Lubbe, Nikolas"]
[Result "1/2-1/2"]
[WhiteElo "2528"]
[BlackElo "2469"]
[PlyCount "129"]
[EventDate "2022.08.12"]
[EventType "team-swiss"]
[EventRounds "7"]
[EventCountry "GRE"]
[SourceTitle "CBM 209 Extra"]
[Source "ChessBase"]
[SourceDate "2022.09.30"]
[SourceVersion "1"]
[SourceVersionDate "2022.09.30"]
[SourceQuality "1"]
[WhiteTeam "Erakleioe"]
[BlackTeam "Panionios YS"]
[WhiteTeamCountry "GRE"]
[BlackTeamCountry "GRE"]

1. Nf3 Nf6 2. g3 d5 3. Bg2 e6 4. 0-0 Be7 5. c4 0-0 6. d4 c6 7. Qc2 b6 8. b3 Nbd7 9. Rd1 Re8 10. Bb2 h6 11. Nbd2 Bb7 12. e4 dxe4 13. Nxe4 Nxe4 14. Qxe4 Qc7 15. Qe2 c5 16. dxc5 Bxc5 17. Ne5 Nf6 18. Ng4 Nxg4 19. Qxg4 Bf8 20. Bxb7 Qxb7 21. Rd3 Rad8 22. Rad1 Rxd3 23. Rxd3 b5 24. cxb5 Qxb5 25. Qd1 Rc8 26. h4 Qf5 27. Qe2 Bc5 28. Kg2 Qxf2+ 29. Qxf2 Bxf2 30. Kxf2 Rc2+ 31. Kf3 Rxb2 32. Rd8+ Kh7 33. Rd7 Rxa2 34. Rxf7 Kg6 35. Rb7 a5 36. Rb5 Kf6 37. Ke3 g6 38. Kf3 Ra3 39. Kf4 Ra1 40. Kf3 h5 41. g4 hxg4+ 42. Kxg4 Rg1+ 43. Kh3 Rh1+ 44. Kg4 Rg1+ 45. Kh3 g5 46. Rxa5 Rh1+ 47. Kg3 Rxh4 48. Rb5 Rd4 49. b4 e5 50. Rb8 Kf5 51. b5 Rd3+ 52. Kf2 Rb3 53. b6 Kf4 54. Rf8+ Ke4 55. Rb8 g4 56. b7 Rf3+ 57. Ke2 Re3+ 58. Kf2 Rf3+ 59. Ke2 Rb3 60. Kf2 g3+ 61. Kg2 Ke3 62. Re8 Rxb7 63. Rxe5+ Kf4 64. Re8 Rb2+ 65. Kg1 1/2-1/2

[Event "GRE-chT 49th"]
[Site "Thessaloniki"]
[Date "2022.08.12"]
[Round "1.4"]
[White "Schuetze, Norman"]
[Black "Kelires, Andreas"]
[Result "1/2-1/2"]
[WhiteElo "2283"]
[BlackElo "2528"]
[PlyCount "107"]
[EventDate "2022.08.12"]
[EventType "team-swiss"]
[EventRounds "7"]
[EventCountry "GRE"]
[SourceTitle "CBM 209 Extra"]
[Source "ChessBase"]
[SourceDate "2022.09.30"]
[SourceVersion "1"]
[SourceVersionDate "2022.09.30"]
[SourceQuality "1"]
[WhiteTeam "Chania Kethon"]
[BlackTeam "Erakleioe"]
[WhiteTeamCountry "GRE"]
[BlackTeamCountry "GRE"]

1. e4 c5 2. Nf3 d6 3. d4 cxd4 4. Nxd4 Nf6 5. Nc3 a6 6. Bg5 Nbd7 7. Qe2 Qc7 8. 0-0-0 e6 9. f4 b5 10. g4 b4 11. Nd5 exd5 12. exd5+ Be7 13. Nc6 Nb8 14. Bxf6 Nxc6 15. Bxg7 Rg8 16. dxc6 Rxg7 17. f5 Kf8 18. Re1 Rg8 19. Kb1 a5 20. h4 Bf6 21. g5 Be5 22. Qe4 Ba6 23. Bd3 a4 24. f6 b3 25. Qxa4 bxc2+ 26. Bxc2 Rg6 27. Rhg1 Qb6 28. Qb3 Qxb3 29. axb3 Rg8 30. Rg4 Ke8 31. Bxh7 Rh8 32. Bf5 Bc8 33. Bxc8 Rxc8 34. Rc1 Kd8 35. Ra4 Bg3 36. Rcc4 d5 37. Rc5 Kc7 38. b4 Kd6 39. Ra7 Rc7 40. Rxc7 Kxc7 41. b5 Rd8 42. h5 d4 43. g6 d3 44. Rc1 d2 45. Rd1 Bf4 46. Kc2 Kb6 47. Rg1 Kxb5 48. g7 Kxc6 49. Kd1 Rg8 50. Rg4 Bh6 51. Rd4 Bg5 52. Rg4 Bh6 53. Rd4 Bg5 54. Rg4 1/2-1/2

[Event "Paleochora op 15th"]
[Site "Paleochora"]
[Date "2022.07.23"]
[Round "8"]
[White "Kelires, Andreas"]
[Black "Kourkoulos Arditis, Stamatis"]
[Result "1-0"]
[WhiteElo "2528"]
[BlackElo "2535"]
[PlyCount "131"]
[EventDate "2022.07.17"]
[EventType "swiss"]
[EventRounds "9"]
[EventCountry "GRE"]
[SourceTitle "CBM 209 Extra"]
[Source "ChessBase"]
[SourceDate "2022.09.30"]
[SourceVersion "1"]
[SourceVersionDate "2022.09.30"]
[SourceQuality "1"]

1. d4 Nf6 2. c4 g6 3. Nc3 Bg7 4. e4 d6 5. h3 0-0 6. Be3 Na6 7. g4 c6 8. Nge2 e5 9. d5 Nc5 10. Ng3 a5 11. Be2 a4 12. Qd2 Qa5 13. f3 cxd5 14. cxd5 Bd7 15. Nb1 Qa7 16. Na3 Rfc8 17. Kf1 Ne8 18. Kg2 h5 19. gxh5 f5 20. exf5 gxf5 21. Bf2 f4 22. Ne4 Nxe4 23. fxe4 b6 24. Kh2 Nf6 25. Qd3 Kf7 26. Rhg1 Rh8 27. Nc4 Bf8 28. Qf3 Be7 29. Rg5 Rag8 30. Rag1 Rxg5 31. Rxg5 Qc7 32. Qg2 b5 33. Rg7+ Kf8 34. Qg6 Be8 35. Qxf6+ Bxf6 36. Rxc7 bxc4 37. Rxc4 Rh7 38. Be1 Rb7 39. Bb4 Kg7 40. Ba3 Kh6 41. Rc2 Bxh5 42. Bxh5 Kxh5 43. Bxd6 f3 44. Bc5 Bh4 45. Bf2 Rb4 46. d6 Bxf2 47. Rxf2 Rxe4 48. Rxf3 Rd4 49. Rf5+ Kh4 50. Rxe5 Rd2+ 51. Kg1 Kxh3 52. Re4 Kg3 53. Kf1 Rxd6 54. Rxa4 Rd2 55. Rb4 Kf3 56. Ke1 Rh2 57. Kd1 Ke3 58. Kc1 Kd3 59. Rb3+ Kc4 60. Rc3+ Kb4 61. a3+ Ka4 62. Kb1 Rh4 63. Ka2 Kb5 64. Rg3 Ka4 65. b3+ Kb5 66. Rg5+ 1-0

[Event "Paleochora op 15th"]
[Site "Paleochora"]
[Date "2022.07.17"]
[Round "1"]
[White "Thelen, Thomas"]
[Black "Kelires, Andreas"]
[Result "0-1"]
[WhiteElo "2029"]
[BlackElo "2528"]
[PlyCount "72"]
[EventDate "2022.07.17"]
[EventType "swiss"]
[EventRounds "9"]
[EventCountry "GRE"]
[SourceTitle "CBM 209 Extra"]
[Source "ChessBase"]
[SourceDate "2022.09.30"]
[SourceVersion "1"]
[SourceVersionDate "2022.09.30"]
[SourceQuality "1"]

1. d4 Nf6 2. c4 e6 3. Nf3 b6 4. g3 Bb7 5. Bg2 Bb4+ 6. Bd2 a5 7. 0-0 0-0 8. Bg5 Be7 9. Nc3 Ne4 10. Nxe4 Bxe4 11. Bxe7 Qxe7 12. Qd2 d6 13. b3 Nd7 14. a3 h6 15. b4 c6 16. Qe3 d5 17. c5 Rfb8 18. Rfc1 bxc5 19. bxc5 a4 20. Ne5 Nxe5 21. Bxe4 Nc4 22. Rxc4 dxc4 23. Bxc6 Ra6 24. Be4 Ra7 25. Rc1 Rb3 26. Qf4 g5 27. Qd2 Rxa3 28. Rxc4 Ra1+ 29. Kg2 a3 30. Qc3 Rd1 31. c6 Qc7 32. Qf3 a2 33. Qh5 a1Q 34. Qxh6 Rg1+ 35. Kf3 g4+ 36. Kxg4 f5+ 0-1

[Event "EU-ch 22nd"]
[Site "Terme Catez"]
[Date "2022.04.05"]
[Round "10"]
[White "Kelires, Andreas"]
[Black "Beydullayeva, Govhar"]
[Result "0-1"]
[WhiteElo "2536"]
[BlackElo "2308"]
[PlyCount "112"]
[EventDate "2022.03.27"]
[EventType "swiss"]
[EventRounds "11"]
[EventCountry "SLO"]
[SourceTitle "CBM 208"]
[Source "ChessBase"]
[SourceDate "2022.06.30"]
[SourceVersion "1"]
[SourceVersionDate "2022.06.30"]
[SourceQuality "1"]

1. d4 Nf6 2. c4 e6 3. g3 d5 4. Bg2 Bb4+ 5. Nd2 0-0 6. Ngf3 b6 7. 0-0 Bb7 8. Ne5 Nbd7 9. Qa4 Bxd2 10. Bxd2 Nxe5 11. dxe5 Nd7 12. cxd5 Bxd5 13. Rfd1 Nc5 14. Qg4 f5 15. exf6 Qxf6 16. Be3 Rad8 17. f3 h6 18. Bd4 e5 19. Bc3 Qe7 20. Qh5 Rfe8 21. e4 Bf7 22. Qh4 Qxh4 23. gxh4 Rxd1+ 24. Rxd1 Na4 25. a3 Nxc3 26. bxc3 Be6 27. Bf1 Kf7 28. Kf2 Ke7 29. Be2 Rd8 30. Rxd8 Kxd8 31. f4 exf4 32. h5 Bf7 33. Bg4 Ke7 34. Kf3 Be6 35. a4 Bxg4+ 36. Kxg4 Ke6 37. Kxf4 a6 38. e5 b5 39. a5 c5 40. Ke4 b4 41. cxb4 cxb4 42. Kd4 b3 43. Kc3 Kxe5 44. Kxb3 Kd5 45. Kb4 Kd4 46. h4 Kd5 47. Kc3 Kc5 48. Kd3 Kb5 49. Ke4 Kxa5 50. Kf5 Kb5 51. Kg6 a5 52. Kxg7 a4 53. Kxh6 a3 54. Kh7 a2 55. h6 a1Q 56. h5 Qf6 0-1

[Event "EU-ch 22nd"]
[Site "Terme Catez"]
[Date "2022.04.04"]
[Round "9"]
[White "Nguyen, Thai Dai Van"]
[Black "Kelires, Andreas"]
[Result "1-0"]
[WhiteElo "2623"]
[BlackElo "2536"]
[PlyCount "177"]
[EventDate "2022.03.27"]
[EventType "swiss"]
[EventRounds "11"]
[EventCountry "SLO"]
[SourceTitle "CBM 208"]
[Source "ChessBase"]
[SourceDate "2022.06.30"]
[SourceVersion "1"]
[SourceVersionDate "2022.06.30"]
[SourceQuality "1"]

1. e4 e5 2. Nf3 Nc6 3. Bb5 a6 4. Ba4 Nf6 5. 0-0 Be7 6. Re1 b5 7. Bb3 0-0 8. a4 b4 9. d4 d6 10. dxe5 Nxe5 11. Nxe5 dxe5 12. Qe2 a5 13. Rd1 Ba6 14. Qf3 Qe8 15. Bg5 Qc6 16. Nd2 Rad8 17. Nf1 h6 18. Bxf6 Qxf6 19. Qxf6 Bxf6 20. Ne3 Bg5 21. Nd5 c6 22. Nb6 Rxd1+ 23. Rxd1 Rb8 24. Nc4 Bxc4 25. Bxc4 Rd8 26. Rxd8+ Bxd8 27. Ba6 Kf8 28. Bb7 Ke7 29. Bxc6 Kd6 30. Be8 f6 31. Kf1 Bb6 32. c3 bxc3 33. bxc3 Ba7 34. Ke2 Bb6 35. h4 Ba7 36. h5 Bb6 37. Kf3 Ba7 38. Kg3 Bb6 39. f3 Be3 40. Kg4 Bf2 41. Kf5 Ke7 42. Bb5 Be3 43. c4 Bf2 44. Kg6 Kf8 45. Ba6 Be3 46. Bb5 Bf2 47. Ba6 Be3 48. g3 Bc5 49. f4 Bd6 50. Kf5 Ke7 51. Bb5 Bc7 52. c5 Bb8 53. Bc4 Bc7 54. Bf1 Kf7 55. Bc4+ Ke7 56. Bd5 Bb8 57. c6 Bc7 58. Bc4 Bb8 59. Bb5 Kf7 60. Ba6 Bc7 61. Bf1 Bb8 62. Be2 Bc7 63. Bd3 Bb8 64. Bf1 Bc7 65. Bc4+ Ke7 66. Bd5 Bb8 67. Kg6 Kf8 68. f5 Bc7 69. g4 Bb6 70. Bc4 Bd8 71. Be2 Kg8 72. Bc4+ Kf8 73. Bb3 Bc7 74. g5 hxg5 75. h6 gxh6 76. Kxf6 g4 77. Bd1 h5 78. Ke6 Ke8 79. Be2 Bb8 80. Bb5 Kf8 81. Kd7 Kf7 82. c7 Bxc7 83. Kxc7 Kf6 84. Kd6 h4 85. Be2 Kg5 86. Kxe5 h3 87. Bf1 Kh4 88. Kf4 g3 89. Kf3 1-0

[Event "EU-ch 22nd"]
[Site "Terme Catez"]
[Date "2022.03.31"]
[Round "5"]
[White "Shevchenko, Kirill"]
[Black "Kelires, Andreas"]
[Result "1-0"]
[WhiteElo "2652"]
[BlackElo "2536"]
[PlyCount "195"]
[EventDate "2022.03.27"]
[EventType "swiss"]
[EventRounds "11"]
[EventCountry "SLO"]
[SourceTitle "CBM 208"]
[Source "ChessBase"]
[SourceDate "2022.06.30"]
[SourceVersion "1"]
[SourceVersionDate "2022.06.30"]
[SourceQuality "1"]

1. c4 e6 2. Nf3 d5 3. e3 Nf6 4. Nc3 a6 5. b3 c5 6. Bb2 Nc6 7. cxd5 exd5 8. d4 cxd4 9. Nxd4 Bd6 10. Be2 0-0 11. Rc1 Re8 12. 0-0 Bc7 13. Ba3 Nxd4 14. Qxd4 Be5 15. Qh4 Be6 16. Bf3 Rc8 17. Ne2 Qa5 18. Qb4 Qxb4 19. Bxb4 g5 20. h3 h5 21. Bc3 Bxc3 22. Nxc3 Rc6 23. e4 dxe4 24. Nxe4 Nxe4 25. Rxc6 bxc6 26. Bxe4 Bxb3 27. Bxc6 Re6 28. Bd7 Rd6 29. axb3 Rxd7 30. Ra1 Rd6 31. Ra5 f6 32. h4 gxh4 33. Rxh5 Rb6 34. Ra5 Kg7 35. Kh2 Kg6 36. Kh3 Rxb3+ 37. Kxh4 Rb2 38. Kg3 Rb6 39. f3 Rc6 40. Kg4 Rb6 41. f4 Rc6 42. g3 Rb6 43. Rd5 Rb7 44. Rc5 Rd7 45. Ra5 Rd6 46. f5+ Kh6 47. Kh4 Rb6 48. g4 Rc6 49. Rd5 Rc1 50. Rd8 Rh1+ 51. Kg3 Rg1+ 52. Kf3 Rf1+ 53. Kg2 Rb1 54. Rg8 Kh7 55. Ra8 Kh6 56. Kf3 Rb4 57. Ra7 Rb3+ 58. Kf4 Rb4+ 59. Kg3 Rb6 60. Kh4 Rb1 61. Rf7 Rb6 62. Rf8 a5 63. Rh8+ Kg7 64. Ra8 Rb1 65. Rxa5 Rh1+ 66. Kg3 Rg1+ 67. Kf3 Rf1+ 68. Kg2 Rb1 69. Ra8 Rb3 70. Rd8 Ra3 71. Kf2 Rb3 72. Re8 Ra3 73. Re3 Ra1 74. Kg3 Rg1+ 75. Kf3 Rf1+ 76. Ke4 Kh6 77. Kd5 Kg5 78. Re4 Ra1 79. Ke6 Ra6+ 80. Kf7 Ra7+ 81. Re7 Ra5 82. Re4 Ra7+ 83. Kf8 Ra8+ 84. Ke7 Ra7+ 85. Kd6 Ra6+ 86. Kd5 Ra5+ 87. Ke6 Ra6+ 88. Kf7 Ra7+ 89. Re7 Ra5 90. Re1 Kxg4 91. Kg6 Kf4 92. Rb1 Rc5 93. Rb4+ Ke5 94. Rb6 Rc8 95. Rb5+ Kf4 96. Kxf6 Rc6+ 97. Kg7 Rc7+ 98. Kg6 1-0